000 00594nam a22001937a 4500
005 20251108172247.0
008 250721s1993 xx 000 0 ara d
082 1 4 _a810.903/حسي
100 1 _aحسن، حسين إبراهيم الحاج
245 1 0 _aأدب العرب في عصر صدر الإسلام /
264 _bالجامعة المفتوحة،
_c1993.
300 _a349ص
650 1 7 _aالأدب العربي
650 1 7 _aالتاريخ الأدبي
650 1 7 _aالنقد الأدبي
650 1 7 _aعصر صدر الإسلام
942 _2ddc
_cBK
999 _c74476
_d74476